[Event "Bad Woerishofen op 31st"]
[Site "Bad Woerishofen"]
[Date "2015.03.07"]
[Round "9"]
[White "Urban, Rudolf"]
[Black "Knoll, Georg"]
[Result "1-0"]
[WhiteElo "1874"]
[BlackElo "2012"]
[PlyCount "53"]
[EventDate "2015.02.27"]
[EventType "swiss"]
[EventRounds "9"]
[EventCountry "GER"]
[SourceTitle "CBM 165 Extra"]
[Source "ChessBase"]
[SourceDate "2015.04.21"]
[SourceVersion "1"]
[SourceVersionDate "2015.04.21"]
[SourceQuality "1"]

1. d4 g6 2. Nf3 Bg7 3. Nc3 c5 4. e4 cxd4 5. Nxd4 Nc6 6. Nxc6 bxc6 7. Bd2 Rb8 8. Rb1 Qc7 9. Bd3 Nf6 10. 0-0 0-0 11. h3 Nh5 12. Qf3 e5 13. g4 Nf4 14. Ne2 Nxe2+ 15. Qxe2 d5 16. f3 Be6 17. b3 Qd7 18. Kh2 Kh8 19. Rf2 f5 20. Rbf1 Rf7 21. Bc3 d4 22. Bd2 Bf8 23. exf5 e4 24. fxe4 gxf5 25. gxf5 Qc7+ 26. Bf4 Bd6 27. e5 1-0

[Event "Bad Woerishofen op 30th"]
[Site "Bad Woerishofen"]
[Date "2014.03.23"]
[Round "7"]
[White "Frijling, Jeroen"]
[Black "Urban, Rudolf"]
[Result "1-0"]
[WhiteElo "1833"]
[BlackElo "1903"]
[PlyCount "29"]
[EventDate "2014.03.21"]
[EventType "swiss"]
[EventRounds "9"]
[EventCountry "GER"]
[SourceTitle "EXT 2019"]
[Source "ChessBase"]
[SourceDate "2018.10.10"]
[SourceVersion "1"]
[SourceVersionDate "2018.10.10"]
[SourceQuality "1"]

1. d4 Nf6 2. c4 e5 3. dxe5 Ng4 4. Bf4 Nc6 5. Nf3 Bb4+ 6. Nbd2 Qe7 7. e3 Ngxe5 8. Nxe5 Nxe5 9. Be2 d6 10. 0-0 0-0 11. Nb3 Be6 12. a3 Nxc4 13. axb4 Ne5 14. Nd4 Bd5 15. Nf5 1-0

[Event "Arber op Seniors 1st"]
[Site "Bayerisch Eisenstein"]
[Date "2013.07.05"]
[Round "7"]
[White "Bagci, Hikmet"]
[Black "Urban, Rudolf"]
[Result "1/2-1/2"]
[WhiteElo "1872"]
[BlackElo "1930"]
[PlyCount "112"]
[EventDate "2013.06.29"]
[EventType "swiss"]
[EventRounds "9"]
[EventCountry "GER"]
[SourceTitle "EXT 2014"]
[Source "ChessBase"]
[SourceDate "2013.11.20"]
[SourceVersion "1"]
[SourceVersionDate "2013.11.20"]
[SourceQuality "1"]

1. e4 e5 2. Nf3 Qe7 3. Nc3 c6 4. Bc4 h6 5. 0-0 Nf6 6. d4 d6 7. h3 Qc7 8. dxe5 dxe5 9. Qe2 Be7 10. Be3 Nbd7 11. a3 Nc5 12. Nd2 Ne6 13. Nd1 0-0 14. c3 Rd8 15. b4 Nf8 16. f4 Bd6 17. f5 b6 18. Nf2 Bb7 19. Rfd1 Qe7 20. Bb3 Rac8 21. Rac1 N8d7 22. Bc2 c5 23. Nc4 Bb8 24. b5 Nf8 25. a4 Bc7 26. Ra1 Rxd1+ 27. Rxd1 Rd8 28. Rd2 Rxd2 29. Bxd2 N8h7 30. Kf1 Qd7 31. Ke1 Nf8 32. Ne3 Qe7 33. c4 N8d7 34. Kd1 Qd6 35. Nd5 Nxd5 36. cxd5 Bd8 37. Ng4 Nb8 38. Bc3 Bf6 39. Bd3 Nd7 40. Ne3 Bg5 41. Nc4 Qe7 42. g3 Bf6 43. h4 a5 44. Qg4 Kf8 45. Kc2 Ke8 46. Kb3 Kd8 47. Qe2 Kc8 48. Qh2 Kb8 49. d6 Qe8 50. g4 Ka7 51. Qg3 g5 52. fxg6 fxg6 53. g5 hxg5 54. hxg5 Bg7 55. Bb2 Qe6 56. Qh4 Bf8 1/2-1/2

[Event "Arber op 1st"]
[Site "Bayerisch Eisenstein"]
[Date "2012.08.25"]
[Round "8"]
[White "Hilarius, Sander"]
[Black "Urban, Rudolf"]
[Result "1/2-1/2"]
[WhiteElo "1769"]
[BlackElo "1801"]
[PlyCount "82"]
[EventDate "2012.08.18"]
[EventType "swiss"]
[EventRounds "9"]
[EventCountry "GER"]
[SourceTitle "CBM 150 Extra"]
[Source "ChessBase"]
[SourceDate "2012.10.19"]
[SourceVersion "1"]
[SourceVersionDate "2012.10.19"]
[SourceQuality "1"]

1. d4 Nf6 2. c4 e5 3. dxe5 Ng4 4. Nf3 Nc6 5. Nc3 Bc5 6. e3 Ngxe5 7. Nxe5 Nxe5 8. Be2 0-0 9. 0-0 d6 10. Na4 Be6 11. b3 Qh4 12. Nxc5 dxc5 13. f4 Rad8 14. Qc2 Ng4 15. h3 Nh6 16. Bf3 Bc8 17. e4 Qe7 18. Be3 f6 19. Qf2 b6 20. Rae1 Bb7 21. Bc1 Nf7 22. Bb2 Ba8 23. Re2 Rd3 24. Rfe1 Rfd8 25. Bg4 Nh6 26. Bh5 g6 27. Bf3 Nf7 28. e5 f5 29. Bxa8 Rxa8 30. Re3 Rxe3 31. Qxe3 Qe6 32. Rd1 Rd8 33. Rxd8+ Nxd8 34. Qd2 Nc6 35. Kf2 Kf7 36. Kf3 Ke7 37. g4 Qd7 38. Qxd7+ Kxd7 39. gxf5 gxf5 40. Kg3 Ke6 41. Kh4 Nd8 1/2-1/2

[Event "Arber op 1st"]
[Site "Bayerisch Eisenstein"]
[Date "2012.08.19"]
[Round "2"]
[White "De Francesco, Klaus"]
[Black "Urban, Rudolf"]
[Result "1/2-1/2"]
[WhiteElo "2206"]
[BlackElo "1801"]
[PlyCount "104"]
[EventDate "2012.08.18"]
[EventType "swiss"]
[EventRounds "9"]
[EventCountry "GER"]
[SourceTitle "CBM 150 Extra"]
[Source "ChessBase"]
[SourceDate "2012.10.19"]
[SourceVersion "1"]
[SourceVersionDate "2012.10.19"]
[SourceQuality "1"]

1. d4 Nf6 2. c4 e6 3. Nc3 Bb4 4. Qc2 d5 5. a3 Bxc3+ 6. Qxc3 0-0 7. Bg5 h6 8. Bxf6 Qxf6 9. Nf3 c6 10. e3 Nd7 11. Bd3 Re8 12. Ne5 Qe7 13. 0-0 Nxe5 14. dxe5 b6 15. Rac1 c5 16. b4 cxb4 17. axb4 dxc4 18. Qxc4 Bb7 19. Qc7 Rac8 20. Qxe7 Rxe7 21. Rxc8+ Bxc8 22. Rc1 Bb7 23. b5 Rd7 24. Rc3 Kf8 25. f4 Ke7 26. Ra3 Ba8 27. Kf2 Rc7 28. h4 h5 29. e4 f6 30. exf6+ Kxf6 31. e5+ Kf7 32. g3 g6 33. Ke3 Bd5 34. Be2 Kg7 35. g4 hxg4 36. Bxg4 Kh6 37. Be2 Kh7 38. Bd3 Kh6 39. Ra1 Rg7 40. Rg1 Kh5 41. f5 exf5 42. Bxf5 Kh6 43. Bd3 g5 44. Kd4 Bf3 45. hxg5+ Rxg5 46. Rxg5 Kxg5 47. Be4 Be2 48. Bc6 a5 49. bxa6 Bxa6 50. Kd5 Bc8 51. Kd6 Kf4 52. Bd5 b5 1/2-1/2

[Event "Bad Woerishofen op 28th"]
[Site "Bad Woerishofen"]
[Date "2012.03.04"]
[Round "3"]
[White "Urban, Rudolf"]
[Black "Lang, Ludwig"]
[Result "1-0"]
[WhiteElo "1941"]
[BlackElo "1433"]
[PlyCount "27"]
[EventDate "2012.03.02"]
[EventType "swiss"]
[EventRounds "9"]
[EventCountry "GER"]
[SourceTitle "EXT 2019"]
[Source "ChessBase"]
[SourceDate "2018.10.10"]
[SourceVersion "1"]
[SourceVersionDate "2018.10.10"]
[SourceQuality "1"]

1. d4 Nf6 2. Nf3 d5 3. Bf4 e6 4. e3 Bd6 5. Bg3 0-0 6. Bd3 Nc6 7. c3 Re8 8. Ne5 Bxe5 9. dxe5 Ne4 10. Qf3 Ng5 11. Qh5 g6 12. Qh6 Ne4 13. Bh4 Qd7 14. Bf6 1-0

[Event "Bad Woerishofen op 26th"]
[Site "Bad Woerishofen"]
[Date "2010.03.12"]
[Round "7"]
[White "Guenther, Thomas"]
[Black "Urban, Rudolf"]
[Result "1-0"]
[WhiteElo "2104"]
[BlackElo "1979"]
[PlyCount "31"]
[EventDate "2010.03.06"]
[EventType "swiss"]
[EventRounds "9"]
[EventCountry "GER"]
[SourceTitle "CBM 135 Extra"]
[Source "ChessBase"]
[SourceDate "2010.05.04"]
[SourceVersion "1"]
[SourceVersionDate "2010.05.04"]
[SourceQuality "1"]

1. d4 d6 2. c4 e5 3. Nf3 e4 4. Ng5 Nf6 5. Nc3 Bf5 6. h4 h6 7. Nh3 Nc6 8. g3 Be7 9. Bg2 Qd7 10. Nf4 0-0-0 11. Nfd5 Rhe8 12. Qa4 Kb8 13. Be3 g5 14. hxg5 hxg5 15. Nb5 Rc8 16. Nxe7 1-0

[Event "Bad Woerishofen op 26th"]
[Site "Bad Woerishofen"]
[Date "2010.03.06"]
[Round "1"]
[White "Friedrich, Norbert"]
[Black "Urban, Rudolf"]
[Result "1-0"]
[WhiteElo "2299"]
[BlackElo "1979"]
[PlyCount "83"]
[EventDate "2010.03.06"]
[EventType "swiss"]
[EventRounds "9"]
[EventCountry "GER"]
[SourceTitle "CBM 135 Extra"]
[Source "ChessBase"]
[SourceDate "2010.05.04"]
[SourceVersion "1"]
[SourceVersionDate "2010.05.04"]
[SourceQuality "1"]

1. e4 c6 2. d4 d5 3. Nc3 dxe4 4. Nxe4 Nd7 5. Nf3 Ngf6 6. Nxf6+ exf6 7. Bd3 Bd6 8. 0-0 0-0 9. c4 Bc7 10. Qc2 h6 11. Be3 Nb6 12. Rfe1 Bg4 13. Nh4 Qd6 14. g3 Qd7 15. b3 Rae8 16. Bf5 Bxf5 17. Nxf5 Nc8 18. Rad1 Nd6 19. Nxd6 Bxd6 20. d5 c5 21. Qd2 Re4 22. f3 Re7 23. Bf2 Re5 24. f4 Ree8 25. Rxe8 Rxe8 26. Re1 Rxe1+ 27. Qxe1 Kf8 28. Qe4 f5 29. Qe2 g6 30. Be1 f6 31. Bc3 Kf7 32. Kf2 h5 33. a3 h4 34. Ke1 hxg3 35. hxg3 Qe7 36. Qxe7+ Kxe7 37. Ke2 g5 38. Bd2 gxf4 39. Bxf4 Kd7 40. Bxd6 Kxd6 41. Kf3 Ke5 42. Ke3 1-0

[Event "Bad Woerishofen op 25th"]
[Site "Bad Woerishofen"]
[Date "2009.03.10"]
[Round "6"]
[White "Frijling, Jeroen"]
[Black "Urban, Rudolf"]
[Result "0-1"]
[WhiteElo "1823"]
[BlackElo "1994"]
[PlyCount "78"]
[EventDate "2009.03.05"]
[EventType "swiss"]
[EventRounds "9"]
[EventCountry "GER"]
[SourceTitle "CBM 129 Extra"]
[Source "ChessBase"]
[SourceDate "2009.05.05"]
[SourceVersion "2"]
[SourceVersionDate "2009.05.20"]
[SourceQuality "1"]

1. d4 Nf6 2. c4 d5 3. cxd5 Qxd5 4. Nc3 Qa5 5. Nf3 Bf5 6. e3 e6 7. Bd3 Nbd7 8. 0-0 Bg6 9. e4 c6 10. Bg5 Be7 11. e5 Nd5 12. Bxe7 Nxe7 13. Ne4 Bxe4 14. Bxe4 h6 15. a3 Nb6 16. b4 Qb5 17. Re1 Nbd5 18. Bd3 Qb6 19. Qc2 0-0 20. Re4 a5 21. bxa5 Qxa5 22. Rh4 Qc3 23. Qxc3 Nxc3 24. Nd2 b5 25. Ne4 Nxe4 26. Bxe4 Ra4 27. f3 Rfa8 28. Rc1 R8a6 29. g4 Rxd4 30. g5 g6 31. Rxh6 Rxa3 32. Bxc6 Nxc6 33. Rxc6 Rd2 34. Rc1 b4 35. Rh4 b3 36. Rb4 b2 37. Rb1 Ra2 38. Rb8+ Kg7 39. f4 Rc2 0-1

[Event "Bad Woerishofen op 24th"]
[Site "Bad Woerishofen"]
[Date "2008.03.02"]
[Round "4"]
[White "Feicht, Roland"]
[Black "Urban, Rudolf"]
[Result "0-1"]
[WhiteElo "1605"]
[BlackElo "1870"]
[PlyCount "58"]
[EventDate "2008.02.28"]
[EventType "swiss"]
[EventRounds "9"]
[EventCountry "GER"]
[SourceTitle "EXT 2022"]
[Source "ChessBase"]
[SourceDate "2021.10.06"]
[SourceVersion "1"]
[SourceVersionDate "2021.10.06"]
[SourceQuality "1"]

1. e4 c6 2. d4 d5 3. e5 c5 4. dxc5 e6 5. Be3 Nc6 6. Nf3 Nge7 7. c3 Nf5 8. Bg5 Qc7 9. Bb5 Bxc5 10. 0-0 a6 11. Ba4 h6 12. Bf4 g5 13. Bd2 b5 14. Bc2 Nce7 15. g4 Ng7 16. Nd4 Qxe5 17. Re1 Qf6 18. Be3 Bd6 19. Nf3 e5 20. h3 0-0 21. Nbd2 Ng6 22. Kh1 Bb7 23. a4 d4 24. cxd4 exd4 25. Ne4 Bxe4 26. Bxe4 dxe3 27. Bxa8 exf2 28. Rf1 Rxa8 29. axb5 Bc5 0-1

[Event "Bayern-chI Bank Hofmann 11th"]
[Site "Bad Wiessee"]
[Date "2007.11.10"]
[Round "1"]
[White "Meister, Peter"]
[Black "Urban, Rudolf"]
[Result "1-0"]
[WhiteElo "2411"]
[BlackElo "1983"]
[PlyCount "81"]
[EventDate "2007.11.10"]
[EventType "swiss"]
[EventRounds "9"]
[EventCountry "GER"]
[SourceTitle "CBM 121 Extra"]
[Source "ChessBase"]
[SourceDate "2008.01.10"]
[SourceVersion "1"]
[SourceVersionDate "2008.01.10"]
[SourceQuality "1"]

1. d4 Nf6 2. c4 e6 3. Nf3 Bb4+ 4. Nbd2 b6 5. g3 Bb7 6. Bg2 0-0 7. 0-0 Bd6 8. Qc2 Nc6 9. a3 a5 10. b3 e5 11. c5 bxc5 12. dxc5 Be7 13. Nxe5 Nd4 14. Qc4 Bxg2 15. Kxg2 Ne6 16. Nd3 d6 17. c6 d5 18. Qa4 Qd6 19. Bb2 Ng5 20. Qf4 Qxf4 21. Nxf4 Rfd8 22. Rfd1 Ne6 23. Be5 Ra6 24. Rdc1 Nxf4+ 25. gxf4 Ne8 26. e3 f6 27. Bd4 Nd6 28. b4 axb4 29. axb4 Rda8 30. Nb3 Rxa1 31. Rxa1 Rxa1 32. Nxa1 Nb5 33. Nc2 Nxd4 34. exd4 Kf7 35. f5 Ke8 36. b5 Kd8 37. Kf3 Bd6 38. h3 Ke7 39. Ne3 Ba3 40. Nxd5+ Kd6 41. Ke4 1-0

[Event "Bayern-chB 77th"]
[Site "Bad Woerishofen"]
[Date "2006.08.27"]
[Round "3"]
[White "Urban, Rudolf"]
[Black "Hansen, Torsten"]
[Result "1/2-1/2"]
[WhiteElo "1715"]
[BlackElo "1660"]
[PlyCount "41"]
[EventDate "2006.08.26"]
[EventType "swiss"]
[EventRounds "9"]
[EventCountry "GER"]
[SourceTitle "EXT 2015"]
[Source "ChessBase"]
[SourceDate "2014.11.20"]
[SourceVersion "1"]
[SourceVersionDate "2014.11.20"]
[SourceQuality "1"]

1. d4 Nf6 2. Bf4 c5 3. e3 cxd4 4. exd4 d5 5. c3 Nc6 6. Bd3 Bg4 7. Ne2 e6 8. h3 Bh5 9. Nd2 Bd6 10. Bxd6 Qxd6 11. g4 Bg6 12. Nf3 Bxd3 13. Qxd3 0-0 14. Ng3 b5 15. 0-0 Rfc8 16. Qxb5 Rab8 17. Qe2 a5 18. Ne5 Nd7 19. f4 Ncxe5 20. fxe5 Qe7 21. Rf2 1/2-1/2

[Event "Seefeld op 16th"]
[Site "Seefeld"]
[Date "2005.09.18"]
[Round "2"]
[White "Urban, Rudolf"]
[Black "Pilz, Dieter"]
[Result "0-1"]
[WhiteElo "2050"]
[BlackElo "2303"]
[PlyCount "74"]
[EventDate "2005.09.17"]
[EventType "swiss"]
[EventRounds "9"]
[EventCountry "AUT"]
[SourceTitle "EXT 2007"]
[Source "ChessBase"]
[SourceDate "2006.11.23"]
[SourceVersion "1"]
[SourceVersionDate "2006.11.23"]
[SourceQuality "1"]

1. d4 Nf6 2. Nf3 g6 3. c4 c5 4. Nc3 cxd4 5. Nxd4 Bg7 6. e3 0-0 7. Be2 Nc6 8. Nf3 d6 9. 0-0 Be6 10. Rb1 Rc8 11. b3 a6 12. Bb2 Qa5 13. a3 Rfd8 14. Nd4 Nxd4 15. exd4 d5 16. b4 Qc7 17. c5 Bf5 18. Ra1 e5 19. Na4 e4 20. Nb6 Rb8 21. Bc1 h6 22. Be3 Be6 23. Qd2 g5 24. h4 Nh7 25. hxg5 hxg5 26. f4 gxf4 27. Rxf4 Qe7 28. Rff1 Rf8 29. a4 Kh8 30. Bf4 Rbd8 31. Ra3 Rg8 32. b5 axb5 33. axb5 Bf6 34. Bd6 Rxd6 35. cxd6 Qxd6 36. Rc3 Qxb6 37. Rxf6 Nxf6 0-1